Statistiques concernant Culture Générale - Série 1388

Cliquez ici pour prendre le quiz!

Statistiques générales

  • Ce quiz a été pris 79 fois
  • Le résultat moyen est 7 sur 10

Statistiques - réponses

QuestionRéponse% Correct
Sur quelle île de Polynésie française se situe la ville de Papeete ?Tahiti
95%
Quel est le pays d'origine de la soupe minestrone ?Italie
93%
Quel personnage, interprété par Jean Dujardin, pratique "l'art du cassage" et aime à répéter : "J't'ai cassé !" ?Brice de Nice
88%
De quel pays est originaire le groupe electro Daft Punk ?France
86%
Quelle actrice américaine a épousé le prince Rainier III de Monaco en 1956 ?Grace Kelly
82%
Quel titre porte le tableau de Manet peint en 1863 et représentant un déjeuner ?Le Déjeuner sur l'herbe
55%
De quel groupe de rock britannique les frères Noel et Liam Gallagher sont-ils les piliers ?Oasis
53%
Dans la série "Les Envahisseurs", quelle partie du corps des extra-terrestres présente une raideur anormale ?auriculaire
37%
Quelle chanteuse a remporté le Concours Eurovision de la Chanson en 1988 avec le titre "Ne partez pas sans moi" ?Céline Dion
36%
Quelle chanteuse de jazz, décédée en 1996, était surnommée "The First Lady Of Song" ?Ella Fitzgerald
32%

Distribution des résultats

Percentile par nombre de réponses

% des personnes avec chaque résultat

Votre développement - résultats

Vous n’avez pas pris ce quiz